[Event "Donostia Gipuzkoa-ch"]
[Site "San Sebastian"]
[Date "2012.11.24"]
[Round "6"]
[White "Nogues Fernandez, Ramon"]
[Black "Segovia Sanchez, Antonio"]
[Result "0-1"]
[WhiteElo "1903"]
[BlackElo "2004"]
[PlyCount "70"]
[EventDate "2012.10.20"]
[EventType "swiss"]
[EventRounds "7"]
[EventCountry "ESP"]
[SourceTitle "EXT 2014"]
[Source "ChessBase"]
[SourceDate "2013.11.20"]
[SourceVersion "1"]
[SourceVersionDate "2013.11.20"]
[SourceQuality "1"]

1. d4 g6 2. c4 Bg7 3. e4 c6 4. Nc3 d6 5. Be2 a6 6. Nf3 Nf6 7. 0-0 0-0 8. Bg5 h6 9. Be3 Nbd7 10. h3 b5 11. e5 Ne8 12. Bf4 Bb7 13. Qd3 dxe5 14. dxe5 Nb6 15. b3 Qxd3 16. Bxd3 Nc7 17. Ne4 Ne6 18. Bg3 c5 19. Ned2 Rfd8 20. Be4 Bxe4 21. Nxe4 Rd3 22. Rfd1 Rad8 23. Rxd3 Rxd3 24. Rc1 bxc4 25. bxc4 h5 26. Rb1 Nxc4 27. Rc1 Nb2 28. Nxc5 Nxc5 29. Rxc5 Rd1+ 30. Kh2 Rd8 31. Rc7 e6 32. Ra7 Nd3 33. Rxa6 Rd7 34. Rd6 Nxe5 35. Bxe5 Bxe5+ 0-1

[Event "San Sebastian Gros op 22nd"]
[Site "San Sebastian"]
[Date "2012.09.21"]
[Round "2"]
[White "Orube Bona, Andoni"]
[Black "Segovia Sanchez, Antonio"]
[Result "1/2-1/2"]
[WhiteElo "1791"]
[BlackElo "2004"]
[PlyCount "67"]
[EventDate "2012.09.20"]
[EventType "swiss"]
[EventRounds "8"]
[EventCountry "ESP"]
[SourceTitle "EXT 2013"]
[Source "ChessBase"]
[SourceDate "2012.11.22"]
[SourceVersion "1"]
[SourceVersionDate "2012.11.22"]
[SourceQuality "1"]

1. Nf3 d6 2. d4 Nf6 3. c4 c6 4. g3 Qc7 5. Bf4 Bg4 6. Bg2 Nbd7 7. 0-0 e5 8. Be3 Be7 9. Nc3 h6 10. b4 0-0 11. h3 Bf5 12. a4 Ne4 13. Qb3 Nxc3 14. Qxc3 Be4 15. Rfc1 f5 16. b5 c5 17. d5 Rf7 18. Nh2 Bxg2 19. Kxg2 f4 20. Bd2 Raf8 21. Rf1 e4 22. Qc2 f3+ 23. exf3 exf3+ 24. Kg1 Ne5 25. Qe4 Qd7 26. g4 h5 27. Ra3 g5 28. Re1 Rf4 29. Bxf4 Rxf4 30. Qb1 hxg4 31. Rxe5 dxe5 32. Qg6+ Kf8 33. Qh6+ Kg8 34. Qg6+ 1/2-1/2

[Event "San Sebastian Gros op 22nd"]
[Site "San Sebastian"]
[Date "2012.09.20"]
[Round "1"]
[White "Segovia Sanchez, Antonio"]
[Black "Garrido Dominguez, Jose Antonio"]
[Result "1-0"]
[WhiteElo "2004"]
[BlackElo "1592"]
[PlyCount "73"]
[EventDate "2012.09.20"]
[EventType "swiss"]
[EventRounds "8"]
[EventCountry "ESP"]
[SourceTitle "EXT 2013"]
[Source "ChessBase"]
[SourceDate "2012.11.22"]
[SourceVersion "1"]
[SourceVersionDate "2012.11.22"]
[SourceQuality "1"]

1. d4 d5 2. Nf3 Nf6 3. Bf4 Bf5 4. e3 c6 5. c4 e6 6. c5 Be7 7. h3 Ne4 8. Bd3 Qa5+ 9. Ke2 Qd8 10. Qc2 Na6 11. a3 b5 12. cxb6 Qxb6 13. b4 Nc7 14. Rc1 0-0 15. Qxc6 Qxc6 16. Rxc6 Ne8 17. Nbd2 N8f6 18. Rac1 Nh5 19. Bh2 Nxd2 20. Nxd2 Bxd3+ 21. Kxd3 h6 22. Nb3 Rfe8 23. Na5 Nf6 24. f3 Nd7 25. Rc7 Nb6 26. Nc6 Bd8 27. Rxa7 Rxa7 28. Nxa7 Nc4 29. Rxc4 dxc4+ 30. Kxc4 Bg5 31. b5 Bd8 32. Nc6 Bb6 33. a4 Ra8 34. Kb4 Bd8 35. a5 Bg5 36. b6 Rc8 37. Kb5 1-0